| 000 | 00360nam a2200157Ia 4500 | ||
|---|---|---|---|
| 008 | 210210b1950 xxu||||| |||| 00| 0 eng d | ||
| 041 | _aeng | ||
| 082 | _a821/975 | ||
| 100 | _aTAGORE (R) | ||
| 245 | _aThree Plays | ||
| 260 |
_aLondon _bOxford University Press _c1950 |
||
| 650 | _aThree | ||
| 650 | _aPlays | ||
| 690 | _aEnglish Drama | ||
| 906 | _a012141 | ||
| 999 |
_c130902 _d130902 |
||